[Event "Hoogovens"]
[Site "Wijk aan Zee 35"]
[Date "1973.01.??"]
[Round "14"]
[White "Planinc, Albin"]
[Black "Ribli, Zoltan"]
[Result "1-0"]
[WhiteElo "2520"]
[BlackElo "2505"]
[Annotator "JvR"]
[PlyCount "79"]
[EventDate "1973.??.??"]
[EventCountry "NED"]

1. e4 c5 2. Nf3 d6 3. d4 cxd4 4. Nxd4 Nf6 5. Nc3 e6 6. g4 a6 7. Bg2 Nc6 8. Nxc6
bxc6 9. e5 Nd5 10. exd6 Qxd6 $5 (10... Bxd6 {drew in Dückstein - AMJ van den
Berg, Luzern 1963.}) 11. Ne4 Qc7 12. c4 Nf4 13. Bxf4 Qxf4 14. Nf6+ $1 {Planinc
carries out an elegant manoeuvre.} Ke7 $1 15. Ne4 $5 h5 $1 16. Qa4 Rb8 $6 (
16... hxg4 $1 17. Qxc6 Rb8 18. Rd1 f5 19. Nd6 Kf6 {(Ribli)} 20. h3 $1 {draws.})
17. Rd1 f6 18. Nd6 Bd7 19. Qxa6 Qe5+ 20. Be4 Qc5 $6 21. O-O $1 hxg4 22. Rfe1
Rxb2 $1 23. Nf5+ $2 (23. Re3 $1 Rh3 24. Nb7 Qb6 {battles.}) 23... exf5 24.
Bxf5+ $1 Kf7 25. Rxd7+ Kg8 26. Be6+ Kh7 27. Re3 $5 Kg6 $5 28. Bxg4 Rxh2 $1 29.
Be2 Rxe2 $2 (29... Rxf2 $1 30. Kxf2 Qf5+ $1 {wins.}) 30. Rxe2 Qh5 $2 (30... Rh3
$1 31. Kg2 Ra3 $1 32. Qb7 Qg5+ 33. Kf1 Qc1+ {leads to perpetual check.}) 31.
Qxc6 $1 Rh4 32. Re3 Kh7 33. Qd5 $1 f5 34. Rf7 Bc5 35. Rg3 Rg4 36. Rxg4 Qxg4+
37. Kf1 Qh3+ 38. Ke2 Qg4+ 39. Kd2 Qf4+ 40. Kd3 {The shy Planinc became very
popular.} 1-0

[Event "Hoogovens"]
[Site "Wijk aan Zee 35"]
[Date "1973.01.??"]
[Round "15"]
[White "Tal, Mihail"]
[Black "Zuidema, Coenraad"]
[Result "1-0"]
[WhiteElo "2625"]
[BlackElo "2430"]
[Annotator "JvR"]
[PlyCount "79"]
[EventDate "1973.??.??"]
[EventCountry "NED"]

1. c4 Nf6 2. Nc3 e6 3. Nf3 d5 4. d4 Be7 5. Bf4 O-O 6. e3 c5 7. dxc5 Qa5 8. a3
dxc4 9. Bxc4 Qxc5 10. Qe2 a6 11. b4 Qh5 12. O-O $5 b5 13. Bd3 Bb7 14. e4 Nbd7
15. h3 $1 Rac8 16. Rac1 Nb6 $5 17. Qe3 $1 Nfd7 18. Ne2 $1 f6 19. Bc7 Na8 20.
Ba5 Ne5 $2 21. Nxe5 $2 (21. Rxc8 $1 Nxf3+ {(Khalifman)} 22. Qxf3) 21... Qxe5
22. Bb1 Bd6 23. f4 Qb2 24. Rcd1 Bb8 $1 25. Kh2 f5 26. Rd2 Ba7 27. Nd4 Bxd4 28.
Qxd4 Qxd4 29. Rxd4 fxe4 30. Bxe4 Bxe4 31. Rxe4 Rc6 32. Rfe1 Rf6 $6 33. Bd8 Rf8
34. Be7 Re8 35. Bc5 Nc7 $2 (35... Kf7 $1 36. Rd1 Nb6 {defends properly 
(Khalifman).}) 36. Rd4 $1 Rc8 37. Rd7 Nd5 38. f5 $1 Nf4 39. Re4 Nh5 40. Rxe6 {
I saw Tal after the game, when he phoned with Russia. He was overjoyed cause
he had won by 101/2/15, just before Balashov.} 1-0

[Event "Hoogovens"]
[Site "Wijk aan Zee 36"]
[Date "1974.01.??"]
[Round "2"]
[White "Planinc, Albin"]
[Black "Timman, Jan"]
[Result "1-0"]
[WhiteElo "2545"]
[BlackElo "2540"]
[Annotator "JvR"]
[PlyCount "79"]
[EventDate "1974.??.??"]
[EventCountry "NED"]

{Planinc was the great hero in 1974. He had a fine start.} 1. e4 e6 2. d4 d5 3.
Nc3 Bb4 4. e5 c5 5. a3 Bxc3+ 6. bxc3 Ne7 7. Nf3 Nbc6 8. Be2 Qa5 9. Bd2 c4 10.
Ng5 h6 11. Nh3 Ng6 12. O-O Bd7 13. Bh5 Nce7 14. a4 O-O-O 15. f4 $5 (15. Qe1 {
was played in Planinc - Timman, Amsterdam 1973. Albin won.}) 15... Rhg8 16. Nf2
Kb8 17. Qe1 Rc8 18. Bc1 Qd8 $5 19. Nd1 f5 $5 20. Ne3 Nh8 21. Ba3 g5 $1 {The
confrontation begins.} 22. a5 Be8 23. Bxe8 Qxe8 24. Qb1 $5 gxf4 25. Rxf4 Neg6
$5 26. Rf1 h5 $2 ({Wiser is} 26... Nf7) 27. Kh1 $5 f4 28. Nd1 Nh4 29. Bd6+ Ka8
30. Nb2 $1 Nf7 31. Na4 $1 Nxd6 32. exd6 Qg6 33. Rf2 Nxg2 34. d7 Rcd8 35. Nc5 $1
Rb8 36. d8=Q Rgxd8 37. Rxg2 Qf7 38. Qb6 $3 {Subtle manoeuvres are crowned.} f3
39. Rf2 Qf4 40. Nxe6 1-0

[Event "Hoogovens"]
[Site "Wijk aan Zee 36"]
[Date "1974.01.??"]
[Round "6"]
[White "Planinc, Albin"]
[Black "Enklaar, Bertus"]
[Result "1-0"]
[WhiteElo "2545"]
[BlackElo "2425"]
[Annotator "JvR"]
[PlyCount "53"]
[EventDate "1974.??.??"]
[EventCountry "NED"]

1. e4 c5 2. Nf3 e6 3. d4 cxd4 4. Nxd4 Nc6 5. Nc3 d6 6. Be3 Nf6 7. Bc4 a6 8. Qe2
Be7 9. O-O-O Qc7 10. Bb3 O-O 11. g4 Nxd4 12. Rxd4 b5 13. g5 Nd7 14. f4 Nc5 15.
Qf2 $5 Rd8 $6 ({Langeweg responded by} 15... f5 $1 {to the new move by Planinc
in round fourteen.}) 16. f5 Rb8 $2 ({Better is} 16... Nxb3+ 17. axb3 Bb7) 17.
Rf1 Bf8 $6 {Black allows a decisive attack on his king.} 18. g6 $1 Nxb3+ 19.
axb3 b4 20. Qh4 hxg6 21. fxg6 fxg6 22. Bg5 Re8 23. Rd3 $1 e5 24. Nd5 Qb7 25.
Rdf3 Be6 26. R1f2 Bxd5 27. Rh3 $1 {The meteor of Planinc faded soon.} 1-0

[Event "Hoogovens"]
[Site "Wijk aan Zee 36"]
[Date "1974.01.??"]
[Round "11"]
[White "Donner, Jan Hein"]
[Black "Ghitescu, Theodor"]
[Result "1-0"]
[WhiteElo "2495"]
[BlackElo "2440"]
[Annotator "JvR"]
[PlyCount "113"]
[EventDate "1974.??.??"]
[EventCountry "NED"]

{A miracle happened in a game by Donner.  He disclosed his wet dreams about
the event in Schaakbulletin.} 1. d4 Nf6 2. c4 g6 3. Nc3 Bg7 4. e4 d6 5. Be2 O-O
6. Nf3 e5 7. d5 Na6 8. Be3 Nh5 $5 {Ghitescu puts both knights on the side.} 9.
g3 f5 10. exf5 gxf5 11. Nh4 Nf6 12. O-O Nc5 13. Ng2 Nce4 14. Nxe4 Nxe4 15. Qc1
$5 Qf6 16. Rb1 $2 (16. f3 Nc5 17. b4 {counters timely.}) 16... f4 $1 17. gxf4
Bh3 $1 18. f5 $5 ({The pointe is} 18. Bf3 Qg6 19. Qc2 Ng5 $1) 18... Qxf5 19.
Kh1 Kh8 20. f3 Bxg2+ 21. Kxg2 Bh6 $3 22. fxe4 ({Ghitescu has prepared} 22. Bxh6
Rg8+ 23. Kh1 Qh3 24. Rg1 Nf2# {(Donner).}) 22... Rg8+ (22... Qxe4+ $1 23. Bf3
Rxf3 24. Rxf3 Rf8 25. Qf1 Bxe3 26. Re1 Qg4+ 27. Rg3 Rxf1 {decides the game
tactically.}) 23. Kh1 Qxe4+ 24. Bf3 Qxe3 25. Qxe3 Bxe3 26. Rbe1 Bd4 27. b3 Raf8
28. Bg2 Bf2 29. Re2 Bc5 30. Ree1 Rf4 31. Rxf4 exf4 32. Bf3 Be3 33. h3 Rg3 34.
Bg4 h5 $1 35. Bf5 Kg7 36. Kh2 Kf6 37. Bd3 Bg1+ (37... h4 $1 {wins effortlessly
(Donner).}) 38. Rxg1 Rxd3 39. h4 Rd2+ 40. Kh3 Rxa2 $2 ({Better is} 40... f3 41.
Rg5 $6 Rd1 $1 42. Kg3 Rg1+ {and wins.}) 41. Rg5 $1 Rb2 42. Rxh5 Kg6 $2 (42...
Rxb3+ 43. Kg4 Rg3+ 44. Kxf4 Rc3 {(Donner) will be hard to win for Black.}) 43.
Rg5+ Kh6 44. Kg4 Rg2+ $4 {Ghitescu discovered a 'winning' exchange, when he
went to the resumption.} 45. Kxf4 Rxg5 $2 46. hxg5+ Kg6 47. Kg4 $1 {But the
pawn ending is lost.} a6 48. Kf4 $1 c5 49. dxc6 bxc6 50. b4 $1 Kg7 ({Or} 50...
c5 51. b5 $1) 51. Kf5 Kf7 52. g6+ Kg7 53. Kg5 d5 54. cxd5 cxd5 55. Kf5 d4 56.
Ke4 Kxg6 57. Kxd4 {Donner experienced a smell of divinity, cause he had
triumphed by luck in chess, the game of chance.   Ultimately, he achieved the
sole second place by the help of others. He compared himself with a
spermatozoid, who needs the sacrifice of other sperm cells, when he approaches
the female egg.} 1-0

[Event "Hoogovens"]
[Site "Wijk aan Zee 36"]
[Date "1974.01.??"]
[Round "14"]
[White "Browne, Walter"]
[Black "Quinteros, Miguel"]
[Result "1-0"]
[WhiteElo "2575"]
[BlackElo "2495"]
[Annotator "JvR"]
[PlyCount "35"]
[EventDate "1974.??.??"]
[EventCountry "NED"]

{Browne was the most successful chess player, but the playboy Quinteros
defeated him in the battle for girls.} 1. e4 c5 2. Nf3 d6 3. Bb5+ Bd7 4. Bxd7+
Qxd7 5. c4 Qg4 6. O-O Qxe4 7. d4 cxd4 8. Re1 $1 {Browne makes an improvement.}
Qc6 $2 ({Preferable is} 8... Qg4 $1 {(Aalbersberg Kroon - Verduga, Nice 1974).}
) 9. Nxd4 $1 Qxc4 10. Na3 $1 Qc8 11. Bf4 Qd7 12. Nab5 e5 $5 13. Bxe5 dxe5 14.
Rxe5+ Be7 15. Rd5 $1 Qc8 16. Nf5 $1 {Browne gets his revenge, because
Quinteros has no appropriate defence.} Kf8 17. Nxe7 Kxe7 18. Re5+ {Browne won
the event by a score of 11/15 before Donner (91/2).} 1-0

[Event "Hoogovens"]
[Site "Wijk aan Zee 37"]
[Date "1975.01.??"]
[Round "2"]
[White "Gligoric, Svetozar"]
[Black "Portisch, Lajos"]
[Result "0-1"]
[WhiteElo "2575"]
[BlackElo "2635"]
[Annotator "JvR"]
[PlyCount "114"]
[EventDate "1975.??.??"]
[EventCountry "NED"]

{Portisch and Hort fought for the general victory in 1974.} 1. d4 Nf6 2. c4 e6
3. Nc3 Bb4 4. e3 b6 5. Nge2 Ba6 6. Ng3 Bxc3+ 7. bxc3 d5 8. cxd5 Bxf1 9. Kxf1
Qxd5 10. Qd3 Nbd7 $5 (10... Nc6 11. e4 Qd7 {was played in Gligoric - Portisch,
Torremolinos 1961.}) 11. e4 Qa5 12. e5 Nd5 13. c4 Nb4 14. Qb3 Nc6 $1 15. Bb2
O-O 16. Bc3 $6 ({My voice has} 16. Ke2 $5 Qa6 17. Rhe1) 16... Qa6 17. Qb5 Qb7
$1 18. Re1 Rfd8 19. h4 Nf8 20. Re4 Ne7 $1 21. h5 Nf5 $1 22. Rf4 Nxg3+ 23. fxg3
c5 24. Rhh4 cxd4 $6 {Exchanges are going to equalise the game.} 25. Rxd4 h6 26.
Qb1 Rxd4 27. Rxd4 Qc7 28. Qe4 Rc8 29. Bb4 Nd7 30. Bd6 Qc6 31. Qe2 b5 $5 32.
cxb5 Qc1+ 33. Rd1 Qg5 $1 34. g4 Nb6 35. Kg1 Rc4 36. Bb8 $1 Rxg4 37. Bxa7 Nd5 {
Timman regards the next move as forced.} 38. Rxd5 $4 ({But} 38. Rd4 $1 Qc1+ 39.
Rd1 Qg5 40. Rd4 Rxd4 41. Bxd4 Qc1+ 42. Qf1 Qd2 43. Qf2 Qd1+ 44. Kh2 Qxh5+ {
brings perpetual check.}) 38... exd5 39. e6 Re4 40. exf7+ Kxf7 41. Qf3+ Kg8 42.
Bf2 $1 Qc1+ 43. Kh2 Qf4+ 44. Qxf4 Rxf4 45. Bc5 ({Or} 45. Kg3 $5 {(Timman and
Böhm)} Rb4 46. b6 d4 47. Kf3 Rxb6 48. Bxd4 Ra6) 45... Ra4 46. b6 Rxa2 47. Kg3
Rc2 $1 48. Bd6 Rb2 49. Bc5 Kf7 50. Kf4 $1 Ke6 51. g4 Rb1 $1 52. Ke3 Rf1 53. Kd4
Rf4+ 54. Kd3 Rf7 $1 55. Kd4 Rb7 {Zugzwang has been achieved.} 56. Ke3 Ke5 57.
Kd3 Kf4 0-1

[Event "Hoogovens"]
[Site "Wijk aan Zee 37"]
[Date "1975.01.??"]
[Round "5"]
[White "Timman, Jan"]
[Black "Huebner, Robert"]
[Result "1-0"]
[WhiteElo "2510"]
[BlackElo "2615"]
[Annotator "JvR"]
[PlyCount "83"]
[EventDate "1975.??.??"]
[EventCountry "NED"]

1. d4 Nf6 2. c4 e6 3. Nf3 b6 4. Nc3 Bb7 5. a3 d5 6. cxd5 exd5 7. Bg5 Be7 8. e3
Nbd7 9. Bd3 O-O 10. O-O c5 11. Rc1 h6 $6 ({Theory is} 11... Ne4) 12. Bf4 Ne4
13. Bb1 Nxc3 14. Rxc3 c4 $2 ({Better is} 14... Nf6 {(Timman).}) 15. Qc2 Nf6 16.
Ne5 Re8 17. g4 $1 {Jan chooses for a spectacular attack.} b5 18. h4 $1 b4 19.
axb4 Bxb4 20. f3 $1 Bxc3 21. bxc3 Kf8 22. g5 hxg5 23. hxg5 Nd7 24. Qh7 (24.
Nxf7 $1 Kxf7 25. Qg6+ Kf8 26. Bd6+ Kg8 {(Timman)} 27. Qh7+ Kf7 28. Qh5+ $1 {
wins quickly.}) 24... Nxe5 25. dxe5 g6 26. Qh6+ Ke7 27. Bxg6 fxg6 28. Qg7+ $6 (
{The surprising} 28. Rb1 $3 Qc8 29. Qg7+ Kd8 30. Rxb7 {triumphs brilliantly.})
28... Ke6 29. Qxb7 Qb6 30. Qg7 Re7 31. Qxg6+ Kd7 32. Qc2 Rf8 33. Rb1 Qc6 34.
Qa2 Ke8 35. Kg2 Kf7 36. Kg3 Kg8 $2 ({Right is} 36... Rh8 $1 {(Timman).}) 37.
Rh1 Qg6 38. Rh6 Qf5 39. Qd2 $1 Qd3 40. Qh2 Rh7 41. g6 Rg7 42. Rh8# 1-0

[Event "Hoogovens"]
[Site "Wijk aan Zee 37"]
[Date "1975.01.??"]
[Round "7"]
[White "Geller, Efim"]
[Black "Huebner, Robert"]
[Result "0-1"]
[WhiteElo "2600"]
[BlackElo "2615"]
[Annotator "JvR"]
[PlyCount "80"]
[EventDate "1975.??.??"]
[EventCountry "NED"]

1. e4 c5 2. Nf3 e6 3. d4 cxd4 4. Nxd4 a6 5. Bd3 Nf6 6. O-O Qc7 7. Qe2 d6 8. b3
g6 9. Bb2 Bg7 10. Nd2 $5 (10. f4 {occurred in Planinc - Popov, Nice 1974.})
10... O-O 11. a4 b6 12. Nc4 Nbd7 13. Rfe1 (13. f4 $1 {takes the initiative.})
13... Bb7 14. Qd2 Rfd8 15. Qg5 $6 Nc5 $1 {Hübner attacks the centre.} 16. Nd2
$2 ({Better is} 16. a5 bxa5 17. Nxa5) 16... d5 $1 17. Nb5 $5 axb5 18. Bxf6 Bxf6
19. Qxf6 dxe4 20. Nxe4 Nxe4 21. Bxe4 Bxe4 22. Rxe4 Qxc2 23. Rxe6 $5 Qxb3 {The
white attack has no strength. Geller is losing pawns.} 24. Ree1 bxa4 25. h4 a3
26. Rab1 Qd5 27. Re5 a2 28. Ra1 Qb3 29. Ree1 h5 30. Kh2 Re8 31. Red1 b5 32. Rd2
Qc4 33. f4 b4 34. Rd4 Qc3 35. f5 Ra6 36. Qxa6 Qxa1 37. Qf6 Qf1 38. Rd8 Qf4+ 39.
g3 Qf2+ 40. Kh3 Rxd8 {Geller played a poor tournament.} 0-1

[Event "Hoogovens"]
[Site "Wijk aan Zee 37"]
[Date "1975.01.??"]
[Round "10"]
[White "Browne, Walter"]
[Black "Hort, Vlastimil"]
[Result "0-1"]
[WhiteElo "2550"]
[BlackElo "2600"]
[Annotator "JvR"]
[PlyCount "80"]
[EventDate "1975.??.??"]
[EventCountry "NED"]

1. e4 d6 2. d4 Nf6 3. Nc3 g6 4. Nf3 Bg7 5. Be2 O-O 6. O-O c6 7. a4 a5 8. Be3
Ng4 9. Bg5 h6 10. Bh4 Na6 $5 {Black knights circle around the board.} 11. Re1
Nb4 12. Bc4 g5 13. Bg3 Nf6 14. Nd2 d5 $1 15. Bb3 Bg4 16. f3 Bh5 17. Be5 Qb6 18.
Kh1 Rfd8 19. Qe2 Rac8 20. Rad1 Bg6 21. Qf1 Rd7 22. f4 $5 gxf4 23. Qxf4 Nxc2 $3
{Hort counters timely.} 24. Bxc2 Qxb2 25. Bxf6 exf6 $1 ({Not} 25... Bxf6 26. e5
Bg5 27. Qg4 $1 {(Hort).}) 26. Qe3 Qxc2 27. Rc1 Qb2 28. Nxd5 $1 Re8 $5 {Black
sacrifices the queen.} 29. Nc4 Qa2 30. Re2 Qxe2 31. Qxe2 cxd5 $5 32. Nb6 Rdd8
33. Qb5 Bxe4 34. Qxa5 f5 {The black pieces threaten to decide the game by an
attack on the king.} 35. Qd2 $2 (35. Qb4 $1 {(protects b6 and d4)} Re6 36. Rf1
$1 Rg6 37. Rf2 Rc6 38. Kg1 Rc1+ 39. Rf1 Rc2 40. Rf2 {draws.}) 35... Re6 36. a5
$6 (36. Nc8 {prevents the next move.}) 36... Rg6 $1 37. Rg1 Bf8 $1 38. Na4 $6
Rc8 $1 39. Nc3 Bb4 40. Qb2 Rxc3 $1 {Hort chased Portisch.} ({The pointe is} 
40... Rxc3 41. Qxb4 Bxg2+ $1) 0-1

[Event "Hoogovens"]
[Site "Wijk aan Zee 37"]
[Date "1975.01.??"]
[Round "13"]
[White "Hort, Vlastimil"]
[Black "Portisch, Lajos"]
[Result "0-1"]
[WhiteElo "2600"]
[BlackElo "2635"]
[Annotator "JvR"]
[PlyCount "172"]
[EventDate "1975.??.??"]
[EventCountry "NED"]

{Hort has taken a lead of half-a-point on Portisch. The decisive game begins.} 
1. d4 Nf6 2. c4 e6 3. Nf3 c5 4. e3 b6 5. Be2 Bb7 6. O-O Be7 7. Nc3 cxd4 8. Nxd4
O-O 9. b3 Na6 10. Bf3 Qb8 11. Bxb7 Qxb7 12. Qf3 Qxf3 13. gxf3 Rfc8 14. Bb2 Nc7
15. Rac1 a6 16. Rfd1 Kf8 17. Rd2 Nce8 18. Kf1 Rc7 19. Rcd1 Rac8 20. Nde2 d6 21.
f4 Rb7 22. Nd4 g6 23. Ke2 Ng7 24. Rc1 Nf5 25. Nxf5 gxf5 26. Nb1 Rc6 27. Rdc2
Rbc7 28. Kd3 Nd7 29. f3 Nc5+ 30. Ke2 Nd7 31. Kd3 Rc8 32. Nd2 Bf6 33. Bxf6 Nxf6
34. Rg1 Ke7 35. a3 R6c7 {Nothing is going on.} 36. Kc3 $2 d5 $1 37. Kb2 Rd8 38.
cxd5 Rxc2+ 39. Kxc2 Nxd5 40. Re1 Rc8+ 41. Kd3 Rd8 42. Nc4 $2 {Hort should not
have sacrificed a pawn.} (42. Kc2 b5 43. Nf1 $1 a5 44. Re2 {defends the white
position stubbornly.}) 42... Nxf4+ 43. Kc2 b5 44. Ne5 Rc8+ 45. Kd2 Nd5 46. e4
fxe4 47. fxe4 Nb6 48. Nd3 Nd7 49. Re3 Nf6 50. Nf2 Rg8 51. Rh3 Rg7 52. Rh4 a5
53. Nd3 Rg2+ 54. Kc3 Re2 55. Kd4 Ra2 56. Kc3 Kf8 $5 57. Nc5 Ke7 $5 58. a4 bxa4
59. Nxa4 Rg2 60. Kd4 Rg4 $5 61. Rxg4 Nxg4 62. h3 Nf2 63. h4 Kd6 64. Nb2 Kc6 65.
Ke3 Ng4+ 66. Kf4 Nf6 67. Nc4 Kb5 68. Ne5 $1 Ne8 $1 69. Kg5 $5 {Hort sets a
trap.} Nd6 $1 (69... f6+ $2 70. Kh6 fxe5 71. Kxh7 Kb4 72. Kg6 $1 {draws 
(Timman).}) 70. Kh6 f5 $1 71. Kxh7 fxe4 72. Kg6 Kb4 73. Kf6 Nf5 74. h5 e3 75.
Kxe6 Ng7+ 76. Kd5 Nxh5 77. Kd4 Kxb3 78. Kxe3 Kc3 $1 79. Nc6 a4 80. Na7 Nf6 81.
Nb5+ Kb4 82. Nd4 Kc4 83. Nc2 Kc3 84. Nd4 Nd5+ 85. Ke4 Nb6 86. Ne2+ Kd2 $1 {
Both men played draws in the last two rounds. So Portisch became the winner.
He scored 101/2/15.} 0-1

[Event "Hoogovens B"]
[Site "Wijk aan Zee 37"]
[Date "1975.01.??"]
[Round "7"]
[White "Enklaar, Bertus"]
[Black "Dvoretzky, Mark"]
[Result "0-1"]
[WhiteElo "2410"]
[BlackElo "2495"]
[Annotator "JvR"]
[PlyCount "44"]
[EventDate "1975.??.??"]
[EventCountry "NED"]

1. e4 e5 2. Nf3 Nf6 3. Nxe5 d6 4. Nf3 Nxe4 5. d4 d5 6. Bd3 Be7 7. O-O Nc6 8.
Re1 Bg4 9. c3 f5 10. h3 Bxf3 $5 11. gxf3 Nf6 12. Bxf5 O-O 13. Qd3 Bd6 14. Bg5
Ne7 15. Be6+ Kh8 16. Nd2 Ng6 $1 17. Bf5 $2 (17. Bxd5 $5 Bf4 $1 18. Bxb7 Bxg5
19. Bxa8 Bxd2 20. Qxd2 Qxa8 21. Qg5 {battles.}) 17... Bf4 $1 18. Bxf6 $2 ({
Right is} 18. Bxg6 Bxg5 19. Bf5) 18... Qxf6 19. Bxg6 Bxd2 20. Re2 Bf4 $1 21.
Bxh7 Qg5+ 22. Kh1 Qh5 $1 {The master group was ruled by the chess teacher
Dvoretzky. He won by 12/15.} 0-1

[Event "Hoogovens"]
[Site "Wijk aan Zee 38"]
[Date "1976.01.??"]
[Round "1"]
[White "Dvoretzky, Mark"]
[Black "Ljubojevic, Ljubomir"]
[Result "0-1"]
[WhiteElo "2540"]
[BlackElo "2620"]
[Annotator "JvR"]
[PlyCount "70"]
[EventDate "1976.??.??"]
[EventCountry "NED"]

{Ljubojevic had a great start in 1976.} 1. e4 c5 2. Nf3 d6 3. Bb5+ Nd7 4. d4
Ngf6 5. Nc3 a6 6. Bxd7+ Nxd7 7. Bg5 h6 8. Bh4 g5 9. Bg3 Bg7 10. O-O $5 {
Dvoretzky springs a novelty.} g4 11. Nh4 cxd4 $1 {Ljubojevic plays the
sharpest answer.} 12. Nf5 dxc3 13. Nxg7+ Kf8 14. Nf5 cxb2 15. Rb1 Nf6 16. Bh4
$5 ({Advisable is} 16. Rxb2 $1 Bxf5 17. exf5 {(Timman).}) 16... Bxf5 17. exf5
Qb6 18. Re1 $2 (18. Bxf6 exf6 19. Qxg4 {levels the game.}) 18... Rc8 19. Re3 $2
(19. Qe2 Rc7 20. Bxf6 exf6 21. c4 {defends stubbornly (Timman).}) 19... Qb5 20.
Bxf6 exf6 21. Rb3 Qxf5 22. R1xb2 b5 23. h3 h5 $1 24. Rb4 $5 (24. Qxd6+ Kg7 25.
Qxa6 Rhd8 $1 {brings a decisive black attack (Timman).}) 24... d5 $1 25. hxg4
hxg4 26. Qxg4 Rxc2 27. Rxc2 Qxc2 28. Rd4 f5 29. Qf3 Qxa2 30. Rxd5 Qa1+ 31. Rd1
Qe5 32. g3 Kg7 33. Qa3 Rh6 34. Qc1 Qe4 35. Qg5+ Kh7 {Dvoretzky met more
resistance in the grandmaster group.} 0-1

[Event "Hoogovens"]
[Site "Wijk aan Zee 38"]
[Date "1976.01.??"]
[Round "3"]
[White "Ljubojevic, Ljubomir"]
[Black "Andersson, Ulf"]
[Result "1-0"]
[WhiteElo "2620"]
[BlackElo "2585"]
[Annotator "JvR"]
[PlyCount "67"]
[EventDate "1976.??.??"]
[EventCountry "NED"]

1. e4 c5 2. Nf3 e6 3. d4 cxd4 4. Nxd4 Nc6 5. Nc3 Qc7 6. Be2 a6 7. O-O Nf6 8.
Be3 Be7 9. f4 d6 10. Qe1 O-O 11. Qg3 Bd7 12. e5 $5 {This novelty leads to a
speculative pawn sacrifice.} dxe5 13. fxe5 $5 (13. Nxc6 {starts exchanges.})
13... Nxe5 14. Bf4 Bd6 15. Rad1 Qb8 16. Rd3 $1 Ne8 17. Ne4 Bc7 18. Rc3 Nc6 $1
19. Bxc7 Nxd4 20. Bd3 Qa7 21. Nc5 $5 Bb5 $5 ({Future games will end by} 21...
Nxc7 22. Bxh7+ $1 Kxh7 23. Qxg7+ $1 Kxg7 24. Rg3+ Kh7 25. Rh3+ {drawn (Wintzer
- Von Gleich, Sankt Augustin 1990).}) 22. Be5 Nc6 23. Bxh7+ Kxh7 24. Rf4 $2 ({
Correct is} 24. Bxg7 $1 Nxg7 25. Qxg7+ $1 Kxg7 26. Rg3+ {drawn.}) 24... f6 $2 (
{Better is} 24... f5 $1 25. Rh4+ Kg8 26. Qg6 Nxe5 27. Qxe6+ Rf7 $1 28. Qxe5 Rd8
29. Rch3 $1 {(Timman)} Re7 $3 30. Qxe7 Rd1+ 31. Kf2 Rf1+ 32. Kg3 Qb8+ {and
Black wins.}) 25. Rh4+ Kg8 26. Qh3 Nd8 27. Bd4 b6 28. Nxe6 Nxe6 29. Qxe6+ Qf7
30. Qe4 {White threatens mate in one.} g5 $2 ({Right is} 30... Qxa2 $1 31. Qh7+
Kf7 32. Qh5+ {and perpetual check (Timman).}) 31. Rh6 Ra7 32. Rch3 $1 Qg7 33.
Rg6 Rff7 34. c4 {Ljubojevic had won a highly artistic game. He began by three
wins.} 1-0

[Event "Hoogovens"]
[Site "Wijk aan Zee 38"]
[Date "1976.01.??"]
[Round "7"]
[White "Olafsson, Fridrik"]
[Black "Browne, Walter"]
[Result "1-0"]
[WhiteElo "2550"]
[BlackElo "2585"]
[Annotator "JvR"]
[PlyCount "81"]
[EventDate "1976.??.??"]
[EventCountry "NED"]

1. d4 Nf6 2. c4 e6 3. Nc3 Bb4 4. e3 c5 5. Bd3 Nc6 6. Nf3 Bxc3+ 7. bxc3 d6 8.
Nd2 e5 9. O-O O-O 10. Nb3 Re8 11. f3 b6 12. e4 Nh5 13. f4 Nxf4 14. Bxf4 exf4
15. Rxf4 Qe7 16. Qf3 Rf8 17. Rf1 Bd7 18. Qg3 f6 19. Qh4 g5 20. Qg3 Kh8 21. R4f2
a5 22. a4 Kg7 23. Bb1 Be8 24. e5 dxe5 25. d5 Nd8 26. h4 e4 27. hxg5 f5 28. Qe3
Bg6 29. g4 f4 30. Rxf4 Nf7 31. Nd2 Nxg5 32. Rxf8 Rxf8 33. Rxf8 Kxf8 34. Kg2 Qe5
35. Nf1 h5 36. Qg3 Qf6 {An equal position has been reached after a wild game.
Browne was a tense player.} 37. Nh2 $6 ({Better is} 37. gxh5 Qf3+ 38. Kg1 $1
Qxh5 39. Ne3) 37... Kg7 $2 (37... hxg4 38. Nxg4 Qf3+ 39. Kh2 Qe2+ 40. Nf2 Qf1 {
gains a plus.}) 38. gxh5 $1 Bxh5 39. Bxe4 Kh6 $5 40. Qh4 Nxe4 $4 ({Right is} 
40... Kg7) 41. Ng4+ {Olafsson scored his first win after a time scramble.
Walter Browne behaved as a noisy and hyperactive nervous wreck during the
finish of a dramatic game.} 1-0

[Event "Hoogovens"]
[Site "Wijk aan Zee 38"]
[Date "1976.01.??"]
[Round "11"]
[White "Olafsson, Fridrik"]
[Black "Sosonko, Gennadi"]
[Result "1-0"]
[WhiteElo "2550"]
[BlackElo "2505"]
[Annotator "JvR"]
[PlyCount "49"]
[EventDate "1976.??.??"]
[EventCountry "NED"]

{Ljubojevic led half-a-point on Olafsson, when the last round began.} 1. Nf3 d5
2. d4 Nf6 3. c4 e6 4. Nc3 Bb4 5. e3 O-O 6. a3 Bxc3+ 7. bxc3 c5 8. Bb2 Qa5 9.
Nd2 Qc7 $5 (9... cxd4 10. cxd4 b6 {drew in Portisch - Olafsson, Stockholm 1962.
}) 10. cxd5 cxd4 11. cxd4 exd5 12. Bd3 Re8 13. O-O Nc6 14. Qc2 Bg4 15. Rfe1 Bh5
16. e4 dxe4 $6 (16... Bg6 $1 17. e5 {(Olafsson)} Nh5 $1 18. Bxg6 hxg6 19. Qc3
Nf4 $1 {defends by an elegant knight manoeuvre.}) 17. Nxe4 Nd5 18. Qc5 Nf4 $5
19. Bc4 $1 b6 $2 (19... Bg6 $1 20. Nd6 Rxe1+ 21. Rxe1 b6 22. Nb5 Qd7 23. Qg5 {
(Olafsson)} Na5 $1 {avoids a disaster.}) 20. Qg5 Bg6 21. d5 $1 Nd4 22. Bxd4
Qxc4 23. Nf6+ $1 {White utilises the critical moment.} gxf6 24. Qxf4 f5 25. Qh4
$1 {Tal tortured Ljubojevic for 59 moves, but Ljubo escaped.   Ljubojevic and
Olafsson won by 71/2/11, one point before Tal and Kurajica.} 1-0